Countries by population in 2000 - Statistics

General Stats
  • This quiz has been taken 47 times
  • The average score is 9 of 10
Answer Stats
Population Country % % Correct
1,242,000,000 China 20.4
100%
281,421,923 United States 4.6
100%
1,040,000,000 India 17.1
97%
147,000,000 Russia 2.4
97%
170,000,000 Brazil 2.8
92%
130,000,000 Bangladesh 2.1
89%
206,264,595 Indonesia 3.4
89%
119,000,000 Nigeria 2.0
86%
140,000,000 Pakistan 2.3
86%
127,000,000 Japan 2.1
81%
No matching quizzes found
Score Distribution
Percent of People with Each Score
Percentile by Number Answered
Your Score History
You have not taken this quiz